Statistics for Formula One Teams 2010-2019

Click here to take the quiz!

General Stats

  • This quiz has been taken 3,477 times
  • The average score is 13 of 18

Answer Stats

HintAnswer% Correct
2010-2019Mercedes
99%
2010-2019Ferrari
98%
2010-2019Red Bull
98%
2010-2019McLaren
96%
2010-2011, 2016-2019Renault
92%
2010-2019Williams
92%
2016-2019Haas
87%
2010-2019Toro Rosso
84%
2019Alfa Romeo
82%
2010-2018Force India
81%
2019Racing Point
75%
2010-2018Sauber
75%
2010-2011, 2012-2015Lotus
72%
2012-2015Marussia
49%
2012-2014Caterham
46%
2010-2012HRT
44%
2016Manor
39%
2010-2011Virgin
33%

Score Distribution

Percentile by Number Answered

Percent of People with Each Score

Your Score History

You have not taken this quiz